000 00287nam a22001337a 4500
008 171013b xxu||||| |||| 00| 0 eng d
020 _a007040125-X
041 _aeng
080 _23RD
_a316
100 _a51
101 _aSOC
245 _aSOCIAL ETHICS
_cMAPPES,TH.A
942 _2udc
_cBK
999 _c33733
_d33733